000 00159 a2200085 4500
041 _aspa
100 _aErnestine Cobern Beyer
245 _aThe and Now
942 _cBK
999 _c6952
_d6952